| 000 | 00470nam a2200133Ia 4500 | ||
|---|---|---|---|
| 008 | 250506s9999 xx 000 0 und d | ||
| 024 | _a99B-BCS5-03, 99B-BCS5-05, 99B-BCS5-15 & 99B-BCS5-38 | ||
| 082 | _a005.337324072 SYE | ||
| 100 | _aSyed Zohair Asghar Rizvi, Mohammad Imran Khan, Sohail Ahmed & Umar Saeed Khan | ||
| 245 | 0 | _aSchool Information System | |
| 260 |
_aKarachi: _bUIT, _c1999 |
||
| 600 | _aComputer Science | ||
| 650 | _aBachelor of Computer Science (BS) | ||
| 999 |
_c28620 _d28620 |
||